Normal view
MARC view
- Derechos humanos
Entry Materia
001 - NÚMERO DE CONTROL DEL REGISTRO
- campo de control: 13360
003 - IDENTIFICADOR DE NUMERO DE CONTROL
- campo de control: MX-MxUPN
005 - FECHA Y HORA DE LA ÚLTIMA TRANSACCIÓN
- campo de control: 20250522122000.0
008 - DATOS DE LONGITUD FIJA
- campo de control de longitud fija: 230602nn fnnnnbabn n ana |d
035 ## - NÚMERO DE CONTROL DEL SISTEMA
- Número de control del sistema: UPN10000013368
040 ## - FUENTE DE LA CATALOGACIÓN
- Lengua de catalogación: spa
- Centro catalogador de origen: MX-MxUPN
150 ## - ENCABEZAMIENTO - TEMÁTICO
- Término de materia o nombre geográfico como elemento inicial: Derechos humanos
- Subdivisión de materia general: Estudio y enseñanza
670 ## - FUENTE EN LA QUE SE LOCALIZARON DATOS
- Cita de la fuente: LC Subject Headings, 2022 :
- Información localizada: página H292 (Human rights)
670 ## - FUENTE EN LA QUE SE LOCALIZARON DATOS
- Cita de la fuente: LC Subject Headings, 2022
- Información localizada: SD-76 (Subdivisión flotante: Study and teaching)
902 ## - CATALOGADOR
- Catalogador: BDV/280909
- Catalogador: VíctorGodínez/020623
